DDC : Dewey Decimal Classification (One Set-4 Volumes) (Record no. 41982)

MARC details
000 -LEADER
fixed length control field 00410nam a2200157Ia 4500
008 - FIXED-LENGTH DATA ELEMENTS--GENERAL INFORMATION
fixed length control field 230524s9999 xx 000 0 und d
082 ## - DEWEY DECIMAL CLASSIFICATION NUMBER
Classification number 381.142
Item number DEW
100 ## - MAIN ENTRY--AUTHOR NAME
Personal name M Dewey
245 #0 - TITLE STATEMENT
Title DDC : Dewey Decimal Classification (One Set-4 Volumes)
250 ## - EDITION STATEMENT
Edition statement 22ND
260 ## - PUBLICATION, DISTRIBUTION, ETC. (IMPRINT)
Place of publication DUBLIN
Name of publisher OCLC
Year of publication 2003
300 ## - PHYSICAL DESCRIPTION
Number of Pages V 1-937
500 ## - GENERAL NOTE
General note Quantity Number: 1
650 ## - SUBJECT ADDED ENTRY--TOPICAL TERM
Topical Term Miscellaneous
942 ## - ADDED ENTRY ELEMENTS (KOHA)
Koha item type Books
Holdings
Lost status Damaged status Permanent Location Current Location Shelving location Date acquired Full call number Accession Number Koha item type
    Central Library, Trident Academy of Technology Central Library, Trident Academy of Technology General Stacks 05/24/2023 381.142 DEW 28526 Books
Trident Academy of Technology © 2023.
All rights reserved.                                                                                                                                                                                                        Designed by Team of Central Library .

Powered by Koha